Human Resource Management Journal

Na minha lista:
Detalhes bibliográficos
Formato: Periódico
Idioma:inglês
Publicado em: Chichester Wiley-Blackwell
Tags: Adicionar Tag
Sem tags, seja o primeiro a adicionar uma tag!

MARC

LEADER 00000nas1a2200000 4500
001 0272021
005 20250701092059.8
022 |a 1748-8583 
022 |a 0954-5395 
041 0 |a eng 
044 |a GB 
245 1 0 |a Human Resource Management Journal 
264 1 |a Chichester  |b Wiley-Blackwell